00788 2200169 4500245004700000020002200047250001100069100001600080650001700096005001900113260002800132041001400160084001100174300002300185500040100208336000900609 aUnexpected RelationshipcFebriani ADhText a978-602-050-025-6 aCet. 1 aFebriani AD aNovel Remaja a20230929084152 aJakartabGrasindoc2018 aIndonesia a808.83 a251 hlm. :c19 cm. aKisah ini bukan tentang relationship goals.Mereka tidak peduli apa itu relationship goals karena ini tentang hubungan Jna dan Dira.Hubungan mereka yang berbeda,tidak terduga,sampai banyak orang bertanya,gaya pacaran macam apa yang dilakoni sepasang kekasih itu? Bahkan,ada juga yang bertanya,apa Juna serius sayang pada Dira? Dan,apa jadinya kalau Dira memulai meraguu atas hubungannya dengan Jna atext